The Banyankole; (Record no. 1298)

MARC details
000 -LEADER
fixed length control field 00850cam a22002411 4500
001 - CONTROL NUMBER
control field 8260959
003 - CONTROL NUMBER IDENTIFIER
control field OSt
005 - DATE AND TIME OF LATEST TRANSACTION
control field 20230619130212.0
008 - FIXED-LENGTH DATA ELEMENTS--GENERAL INFORMATION
fixed length control field 750212s1923 enkbf 000 0 eng
010 ## - LIBRARY OF CONGRESS CONTROL NUMBER
LC control number 24004797
035 ## - SYSTEM CONTROL NUMBER
System control number (OCoLC)1169250
040 ## - CATALOGING SOURCE
Original cataloging agency DLC
Transcribing agency TxShA
Modifying agency OCoLC
-- DLC
042 ## - AUTHENTICATION CODE
Authentication code premarc
082 ## - DEWEY DECIMAL CLASSIFICATION NUMBER
Classification number 301.09
Item number ROS
100 1# - MAIN ENTRY--PERSONAL NAME
Personal name Roscoe, John,
Dates associated with a name 1861-1932.
245 14 - TITLE STATEMENT
Title The Banyankole;
Remainder of title the second part of the report of the Mackie Ethnological Expedition to Central Africa,
Statement of responsibility, etc. by John Roscoe ...
260 ## - PUBLICATION, DISTRIBUTION, ETC. (IMPRINT)
Place of publication, distribution, etc. Cambridge [Eng.]
Name of publisher, distributor, etc. The University Press,
Date of publication, distribution, etc. 1923.
300 ## - PHYSICAL DESCRIPTION
Extent xii, 176 p.
Other physical details XXXI pl. (incl. front.) on 16 l., fold. map.
Dimensions 23 cm.
650 #0 - SUBJECT ADDED ENTRY--TOPICAL TERM
Topical term or geographic name as entry element Nyankole (African people)
711 2# - ADDED ENTRY--MEETING NAME
Meeting name or jurisdiction name as entry element Mackie Ethnological Expedition to Central Africa,
Date of meeting 1919-1920.
906 ## - LOCAL DATA ELEMENT F, LDF (RLIN)
a 7
b cbc
c oclcrpl
d u
e ncip
f 19
g y-gencatlg
942 ## - ADDED ENTRY ELEMENTS (KOHA)
Source of classification or shelving scheme Dewey Decimal Classification
Koha item type Books
Holdings
Withdrawn status Lost status Source of classification or shelving scheme Damaged status Not for loan Home library Current library Date acquired Total Checkouts Full call number Barcode Date last seen Price effective from Koha item type
    Dewey Decimal Classification     County Hall Archives County Hall Archives 06/19/2023   301.09 ROS 10000036 06/19/2023 06/19/2023 Books
LIBRARY OPENING HOURS

When the Parliament is sitting: 8.00a.m - 7.00p.m or until the house adjourns
Mondays and Fridays and when the House is on Recess:  8.00a.m - 5.00p.m
Closed on Weekends and Public Holidays

Online Public Access Catalog (OPAC)
Website: http://www.parliament.go.ke
Bunge Library: https://libraryir.parliament.go.ke
Contact: library@parliament.go.ke | Tel no: (254-2)2221291 or 2848000 Ext 5043